00454nam a2200133Ia 450000500170000000800410001702000150005808200130007310000200008624500870010626000400019330000130023350000740024620250516014537.0240331s9999 xx 000 0 und d a9559528114 a294bKAR aKarunanandha, U 0aBrahmachari Walisingha Harischandra ha Anuradhapura Bauddha prabodaya :b1899-1913 aColombobProf, Udmabanda Karunandha a112 p ., aBrahmachari Walisingha Harischandra the scared city of Anuradha Pura